[Event "7th HDBank Cup 2017 Masters"]
[Site "Ho Chi Minh City"]
[Date "2017.03.12"]
[Round "1"]
[White "Goganov, Aleksey"]
[Black "Muminova, Nafisa"]
[Result "1-0"]
[WhiteElo "2621"]
[BlackElo "2348"]
[PlyCount "89"]
[EventDate "2017.??.??"]

1. c4 c6 2. Nf3 d5 3. e3 Nf6 4. Nc3 g6 5. cxd5 Nxd5 6. h4 Bg7 7. h5 Bf5 8. Qb3
Nd7 9. h6 Bf6 10. Nxd5 cxd5 11. Qxb7 O-O 12. Qxd5 Be6 13. Qd3 Rc8 14. Qa3 Bd5
15. Be2 e5 16. O-O e4 17. Ne1 Be5 18. d4 Bb8 19. Bd2 Qh4 20. g3 Qh3 21. Ng2 Nf6
22. Rac1 Rce8 23. Bb4 Be6 24. Qa6 Qxh6 25. Bxf8 Rxf8 26. Rc6 Ng4 27. Bxg4 Bxg4
28. Nh4 Bxg3 29. fxg3 Qxe3+ 30. Rf2 Qxg3+ 31. Ng2 e3 32. Re2 Bf3 33. Rf6 Be4
34. Qa3 Bxg2 35. Rxg2 Qh4 36. Rf3 Re8 37. Qb3 Re7 38. Rxe3 Qxd4 39. Rgg3 a5 40.
Qc3 Qd1+ 41. Kf2 Qd6 42. Rxe7 Qxe7 43. Re3 Qh4+ 44. Ke2 Qh2+ 45. Kd3 1-0

[Event "7th HDBank Cup 2017 Masters"]
[Site "Ho Chi Minh City"]
[Date "2017.03.12"]
[Round "1"]
[White "Ghosh, Diptayan"]
[Black "Wang, Jue"]
[Result "1/2-1/2"]
[WhiteElo "2581"]
[BlackElo "2338"]
[PlyCount "82"]
[EventDate "2017.??.??"]

1. d4 d5 2. c4 c6 3. e3 Nf6 4. Nc3 e6 5. Nf3 Nbd7 6. Qc2 Bd6 7. Bd3 O-O 8. O-O
e5 9. cxd5 cxd5 10. e4 exd4 11. Nxd5 Nxd5 12. exd5 h6 13. Nxd4 Qh4 14. Nf3 Qh5
15. Bh7+ Kh8 16. Qf5 Qxf5 17. Bxf5 Nf6 18. Bxc8 Rfxc8 19. Rd1 Rd8 20. Kf1 Bc7
21. d6 Rxd6 22. Rxd6 Bxd6 23. Be3 a6 24. Bd4 Be7 25. Nh4 Rd8 26. Nf5 Rd5 27.
Re1 Bc5 28. Bxc5 Rxc5 29. Ne3 g6 30. Rd1 Kg7 31. Ke2 Re5 32. h3 Re7 33. Rd6 Ne4
34. Rd4 Nc5 35. Rc4 Ne6 36. Kd3 Rd7+ 37. Kc3 h5 38. a4 Kf6 39. Rc8 Ke5 40. Kb4
Ke4 41. Rc4+ Rd4 1/2-1/2

[Event "7th HDBank Cup 2017 Masters"]
[Site "Ho Chi Minh City"]
[Date "2017.03.12"]
[Round "1"]
[White "Pham, Le Thao Nguyen"]
[Black "Lu, Shanglei"]
[Result "1/2-1/2"]
[WhiteElo "2351"]
[BlackElo "2624"]
[PlyCount "64"]
[EventDate "2017.??.??"]

1. e4 c5 2. c3 d5 3. exd5 Qxd5 4. d4 Nc6 5. Nf3 Bf5 6. Be3 cxd4 7. Nxd4 Nf6 8.
Nxf5 Qxf5 9. Qb3 Qc8 10. Be2 e6 11. Bf3 Nd7 12. Nd2 Qc7 13. Rd1 Be7 14. O-O O-O
15. h3 Bc5 16. Nc4 Bxe3 17. Nxe3 Nc5 18. Qc2 Ne5 19. Be2 Nc6 20. a3 Rfd8 21.
Rxd8+ Rxd8 22. b4 Nd7 23. Rd1 Nde5 24. Rxd8+ Qxd8 25. Qd1 Qc7 26. Qd2 h6 27. c4
b6 28. Qc3 Qd6 29. Bf1 f5 30. c5 bxc5 31. bxc5 Qd4 32. Qb3 Kf7 1/2-1/2

[Event "7th HDBank Cup 2017 Masters"]
[Site "Ho Chi Minh City"]
[Date "2017.03.12"]
[Round "1"]
[White "Nguyen, Thi Mai Hung"]
[Black "Zhou, Jianchao"]
[Result "1/2-1/2"]
[WhiteElo "2347"]
[BlackElo "2619"]
[PlyCount "128"]
[EventDate "2017.??.??"]

1. d4 d5 2. c4 e6 3. Nc3 Nf6 4. Bg5 Nbd7 5. cxd5 exd5 6. e3 c6 7. Nf3 Be7 8.
Qc2 O-O 9. Bd3 Re8 10. O-O h6 11. Bh4 Ne4 12. Bxe7 Qxe7 13. Rab1 Ndf6 14. b4
Bf5 15. Nd2 Nxc3 16. Qxc3 Bxd3 17. Qxd3 a6 18. a4 Rec8 19. Rfc1 Ne8 20. b5 cxb5
21. Rxc8 Rxc8 22. axb5 a5 23. b6 Nd6 24. Qa3 Ra8 25. Rb5 Nf5 26. Qd3 Qe6 27. h3
a4 28. Qc3 Ne7 29. Qc7 Qc6 30. Rc5 Qxc7 31. Rxc7 Nc8 32. Rxb7 a3 33. Nb3 a2 34.
Na1 Kh7 35. Kf1 Ra6 36. Ke2 Rxb6 37. Rxb6 Nxb6 38. Kd3 Kg6 39. Kc3 Kf5 40. Nc2
Nc4 41. Kb3 Ke4 42. Kxa2 Kd3 43. Nb4+ Ke2 44. Nxd5 Kxf2 45. Kb3 Nd6 46. g4 Kg3
47. Nf4 Kf3 48. Nh5 g6 49. Nf6 Kxe3 50. d5 Kd4 51. h4 Ke5 52. g5 h5 53. Kb4 Nf5
54. Kc5 Nxh4 55. d6 Nf3 56. d7 Nxg5 57. Nh7 Ne6+ 58. Kc6 h4 59. Ng5 h3 60. Nxh3
Kf5 61. Kd6 g5 62. Nf2 g4 63. Nxg4 Kxg4 64. Ke7 Kf5 1/2-1/2

[Event "7th HDBank Cup 2017 Masters"]
[Site "Ho Chi Minh City"]
[Date "2017.03.12"]
[Round "1"]
[White "Hoang, Thi Bao Tram"]
[Black "Rozum, Ivan"]
[Result "1/2-1/2"]
[WhiteElo "2340"]
[BlackElo "2600"]
[PlyCount "119"]
[EventDate "2017.??.??"]

1. d4 Nf6 2. c4 e6 3. Nc3 Bb4 4. Qc2 b6 5. Bg5 Bb7 6. f3 h6 7. Bh4 d5 8. e3 O-O
9. Bd3 c5 10. a3 Ba5 11. cxd5 exd5 12. Nge2 Re8 13. Bf2 cxd4 14. exd4 Bxc3+ 15.
Qxc3 Ba6 16. Bxa6 Nxa6 17. Qd3 Qc8 18. O-O Qc4 19. Nf4 Rac8 20. Rfe1 Nb8 21.
Qd2 Qa4 22. Rxe8+ Qxe8 23. Ne2 Nc6 24. Bh4 Nh7 25. Nc3 Qd7 26. Re1 Nf8 27. Qd3
Ng6 28. Bg3 Nce7 29. Bf2 h5 30. Qd2 f6 31. Qd1 h4 32. Qb3 h3 33. g3 Rc6 34. Qb5
Kf7 35. Be3 Nf8 36. Qf1 Qf5 37. g4 Qh7 38. Qb5 Re6 39. Re2 f5 40. Bg5 fxg4 41.
Bxe7 Kxe7 42. Nxd5+ Kd6 43. Nf4 Rxe2 44. Qxe2 Qf5 45. Qe4 Qg5 46. fxg4 Qxg4+
47. Kf2 Qh4+ 48. Kf3 Qf6 49. Qd5+ Ke7 50. Kg3 g5 51. Qb7+ Kd6 52. Qb8+ Kc6 53.
Nxh3 Qxd4 54. Qxf8 Qh4+ 55. Kg2 Qg4+ 56. Kf2 Qd4+ 57. Kg3 Qh4+ 58. Kg2 Qg4+ 59.
Kf2 Qd4+ 60. Kg3 1/2-1/2

[Event "7th HDBank Cup 2017 Masters"]
[Site "Ho Chi Minh City"]
[Date "2017.03.12"]
[Round "1"]
[White "Zou, Chen"]
[Black "Michalik, Peter"]
[Result "1/2-1/2"]
[WhiteElo "2338"]
[BlackElo "2578"]
[PlyCount "112"]
[EventDate "2017.??.??"]

1. e4 e5 2. Nf3 Nc6 3. Bb5 a6 4. Ba4 Nf6 5. d3 d6 6. a3 g6 7. O-O Bg7 8. Re1
O-O 9. h3 Nd7 10. Bb3 Nc5 11. Ba2 Kh8 12. Nc3 Ne6 13. Nd5 f5 14. c3 fxe4 15.
Rxe4 g5 16. h4 g4 17. Rxg4 Nf4 18. Rg3 Ne7 19. Nxe7 Qxe7 20. d4 h6 21. dxe5
dxe5 22. Be3 Bf5 23. Bb1 Rad8 24. Qe1 Nh5 25. Rxg7 Qxg7 26. Nxe5 Bxb1 27. Rxb1
Kg8 28. Bd4 c5 29. Bxc5 Rfe8 30. Bd4 Rd5 31. Rd1 Rexe5 32. Bxe5 Qxe5 33. Qxe5
Rxe5 34. Rd6 Kf7 35. Rxh6 Nf6 36. Rh8 Re2 37. b4 Ng4 38. g3 Rxf2 39. Rh7+ Kg6
40. Rxb7 Rc2 41. b5 axb5 42. Rxb5 Ne3 43. Rg5+ Kf6 44. a4 Rxc3 45. Kf2 Nf5 46.
a5 Ra3 47. Kg2 Rxa5 48. Rg8 Ra3 49. Kh3 Ne3 50. Rf8+ Ke5 51. Re8+ Kd6 52. h5
Nf5 53. Kg4 Nh6+ 54. Kg5 Nf7+ 55. Kf4 Kd7 56. Re3 Rxe3 1/2-1/2

[Event "7th HDBank Cup 2017 Masters"]
[Site "Ho Chi Minh City"]
[Date "2017.03.12"]
[Round "1"]
[White "Duong, The Anh"]
[Black "Shyam, Sundar M"]
[Result "1/2-1/2"]
[WhiteElo "2334"]
[BlackElo "2554"]
[PlyCount "124"]
[EventDate "2017.??.??"]

1. d4 Nf6 2. c4 e6 3. Nc3 Bb4 4. e3 O-O 5. Nge2 d5 6. a3 Be7 7. Nf4 Re8 8. Be2
Bd6 9. g3 c6 10. c5 Bc7 11. Nd3 Ne4 12. Qc2 Nxc3 13. Qxc3 f6 14. f4 b6 15. O-O
Ba6 16. Rf2 bxc5 17. dxc5 Nd7 18. b4 Qc8 19. Bb2 e5 20. Rd1 exf4 21. exf4 Bc4
22. Nc1 Bxe2 23. Rxe2 Nf8 24. Rxe8 Qxe8 25. Re1 Qg6 26. Qe3 a5 27. Nd3 h5 28.
Bc3 Qf5 29. Bd2 Kh8 30. Nc1 axb4 31. axb4 Kg8 32. Nb3 Ra2 33. Nd4 Qd7 34. Re2
h4 35. Be1 Ra1 36. Kg2 Ng6 37. Qe6+ Qxe6 38. Nxe6 Bb8 39. Nd4 hxg3 40. hxg3
Bxf4 41. Nxc6 Bc7 42. b5 Rb1 43. b6 Bxb6 44. cxb6 Rxb6 45. Ne7+ Nxe7 46. Rxe7
Kh7 47. Rd7 Rb5 48. Bf2 Kh6 49. Bd4 Ra5 50. Kf3 Kg6 51. Rc7 Ra4 52. Ke3 Ra3+
53. Rc3 Rxc3+ 54. Bxc3 Kf5 55. Kf3 g5 56. Bd4 Kg6 57. Kg4 f5+ 58. Kf3 Kh5 59.
Be5 Kg6 60. Ke2 Kh5 61. Kf3 Kg6 62. Ke3 f4+ 1/2-1/2

[Event "7th HDBank Cup 2017 Masters"]
[Site "Ho Chi Minh City"]
[Date "2017.03.12"]
[Round "1"]
[White "Reyes, Narquingden"]
[Black "Nguyen, Anh Dung"]
[Result "1/2-1/2"]
[WhiteElo "2318"]
[BlackElo "2482"]
[PlyCount "73"]
[EventDate "2017.??.??"]

1. d4 Nf6 2. Nf3 e6 3. Bf4 c5 4. c3 d5 5. e3 Nc6 6. Nbd2 Bd6 7. Bg3 O-O 8. Bd3
Qe7 9. O-O e5 10. dxc5 Bxc5 11. e4 d4 12. cxd4 Bxd4 13. Nxd4 Nxd4 14. Nc4 Nc6
15. Qa4 Nd7 16. Rfd1 Nc5 17. Qa3 Rd8 18. Bf1 Be6 19. Nxe5 Nxe4 20. Qxe7 Nxe7
21. Bc4 Bxc4 22. Nxc4 Nxg3 23. hxg3 Nc6 24. Rd6 Kf8 25. Rc1 Rac8 26. Rcd1 Rxd6
27. Nxd6 Rd8 28. Kf1 Ke7 29. Nf5+ Kf6 30. Rxd8 Nxd8 31. Ne3 Ke5 32. Ke2 g5 33.
Kd3 Ne6 34. b4 h5 35. Nc4+ Kd5 36. Ne3+ Ke5 37. Nc4+ 1/2-1/2

[Event "7th HDBank Cup 2017 Masters"]
[Site "Ho Chi Minh City"]
[Date "2017.03.12"]
[Round "2"]
[White "Cheparinov, Ivan"]
[Black "Tran, Minh Thang"]
[Result "1/2-1/2"]
[WhiteElo "2698"]
[BlackElo "2406"]
[PlyCount "59"]
[EventDate "2017.??.??"]

1. Nf3 Nf6 2. c4 b6 3. g3 Bb7 4. Bg2 e6 5. d4 Be7 6. O-O O-O 7. Nc3 Ne4 8. Bd2
d6 9. Qc2 Nxd2 10. Nxd2 Bxg2 11. Kxg2 Nd7 12. Rad1 a6 13. b4 c6 14. e4 b5 15.
c5 a5 16. a3 axb4 17. axb4 dxc5 18. dxc5 Bf6 19. Ndb1 Qc7 20. f4 Bxc3 21. Nxc3
Nf6 22. e5 Nd5 23. Nxd5 exd5 24. Ra1 Rae8 25. Rfe1 Re6 26. Qc3 Rfe8 27. Re2 f6
28. Rae1 fxe5 29. Rxe5 Rxe5 30. fxe5 1/2-1/2

[Event "7th HDBank Cup 2017 Masters"]
[Site "Ho Chi Minh City"]
[Date "2017.03.12"]
[Round "2"]
[White "Nguyen, Anh Khoi"]
[Black "Tokhirjonova, Gulrukhbegim"]
[Result "1/2-1/2"]
[WhiteElo "2459"]
[BlackElo "2297"]
[PlyCount "122"]
[EventDate "2017.??.??"]

1. d4 d5 2. c4 c6 3. Nf3 Nf6 4. Nc3 dxc4 5. a4 Bf5 6. Ne5 Nbd7 7. Nxc4 Qc7 8.
g3 e5 9. dxe5 Nxe5 10. Bf4 Nfd7 11. Bg2 f6 12. O-O Nc5 13. b4 Rd8 14. Qe1 Ne6
15. Bxe5 fxe5 16. b5 Bc5 17. bxc6 bxc6 18. Rc1 O-O 19. Ne4 Be7 20. Ne3 Bxe4 21.
Bxe4 Nc5 22. Bg2 Rd4 23. Rc4 Kh8 24. Qc1 Qd6 25. Qc3 Nxa4 26. Qa5 Rxc4 27. Nxc4
Qb4 28. Qa6 Bc5 29. e3 Qb5 30. Qxb5 cxb5 31. Nxe5 Nb6 32. Rb1 Bd6 33. Rxb5 Rf5
34. f4 g6 35. Bh3 Rf8 36. Nc6 Re8 37. Kf2 Nc4 38. Rd5 Bc7 39. Nd4 Nxe3 40. Rd7
Bb6 41. Kf3 Nc4 42. Ne6 h6 43. Ke4 Bg1 44. f5 gxf5+ 45. Bxf5 Bxh2 46. g4 Nd6+
47. Kd5 Rb8 48. Nd4 Nxf5 49. gxf5 Bg1 50. Ne6 Rb5+ 51. Ke4 Bh2 52. Rf7 Bd6 53.
Rf6 Kg8 54. Rg6+ Kf7 55. Nd8+ Ke7 56. Nc6+ Kd7 57. Nd4 Re5+ 58. Kd3 Bc5 59.
Rg7+ Ke8 60. Ne6 Rxf5 61. Ke4 Rf7 1/2-1/2

[Event "7th HDBank Cup 2017 Masters"]
[Site "Ho Chi Minh City"]
[Date "2017.03.12"]
[Round "2"]
[White "Wynn Zaw Htun"]
[Black "Goganov, Aleksey"]
[Result "1/2-1/2"]
[WhiteElo "2405"]
[BlackElo "2621"]
[PlyCount "56"]
[EventDate "2017.??.??"]

1. Nf3 d5 2. g3 g6 3. Bg2 Bg7 4. O-O e5 5. d3 Ne7 6. Nbd2 O-O 7. e4 Nbc6 8. Re1
h6 9. c3 a5 10. a4 dxe4 11. dxe4 b6 12. Bf1 Bg4 13. Qe2 Qd7 14. Bg2 Rad8 15.
Nc4 Kh8 16. Ne3 Be6 17. Nc4 Qd3 18. Qxd3 Rxd3 19. Nfd2 Rfd8 20. Bf1 R3d7 21.
Nf3 Kg8 22. Ncd2 f6 23. Kg2 Kf7 24. Bb5 Rd6 25. Nc4 Rd3 26. Ne3 R3d6 27. Nc4
Rd3 28. Ne3 R3d6 1/2-1/2

[Event "7th HDBank Cup 2017 Masters"]
[Site "Ho Chi Minh City"]
[Date "2017.03.12"]
[Round "2"]
[White "Lin, Yi"]
[Black "Vishnu Prasanna  V"]
[Result "1/2-1/2"]
[WhiteElo "2403"]
[BlackElo "2534"]
[PlyCount "118"]
[EventDate "2017.??.??"]

1. d4 Nf6 2. c4 g6 3. Nc3 d5 4. Bf4 Bg7 5. e3 O-O 6. cxd5 Nxd5 7. Nxd5 Qxd5 8.
Bxc7 Bf5 9. Ne2 Na6 10. Nc3 Qc6 11. Bg3 Rac8 12. a3 Rfd8 13. Be2 Qb6 14. Qc1 e5
15. Bxe5 Bxe5 16. Bxa6 Bxd4 17. Be2 Bxc3+ 18. bxc3 Qa5 19. O-O Rxc3 20. Qe1 Be4
21. Bf3 Bxf3 22. gxf3 Rdc8 23. Qd2 Qg5+ 24. Kh1 Qc5 25. a4 Qc6 26. Kg2 Rc4 27.
h3 Qc7 28. Rfd1 Rc2 29. Qe1 Qe5 30. Rac1 Qg5+ 31. Kh2 Qh4 32. Rxc2 Rxc2 33. Kg2
Qxa4 34. Rd8+ Kg7 35. Qd1 Qb5 36. Qd4+ Kh6 37. Qh4+ Qh5 38. Qxh5+ gxh5 39. Rd7
Rb2 40. Rxf7 a5 41. Rf5 a4 42. Ra5 b5 43. f4 Rb3 44. Ra6+ Kg7 45. e4 a3 46. e5
b4 47. f5 Rc3 48. Ra7+ Kf8 49. e6 Rc6 50. Ra8+ Ke7 51. Ra7+ Kd8 52. Ra8+ Rc8
53. Ra7 Rc7 54. Ra4 Ke7 55. Rxb4 Ra7 56. Rb1 a2 57. Ra1 Ra3 58. h4 Kf6 59. f3
Ra4 1/2-1/2

[Event "7th HDBank Cup 2017 Masters"]
[Site "Ho Chi Minh City"]
[Date "2017.03.12"]
[Round "2"]
[White "Nouri, Hamed"]
[Black "Gomez, John Paul"]
[Result "1/2-1/2"]
[WhiteElo "2344"]
[BlackElo "2481"]
[PlyCount "45"]
[EventDate "2017.??.??"]

1. d4 d5 2. Nf3 Nf6 3. e3 c5 4. dxc5 e6 5. Nbd2 Bxc5 6. a3 O-O 7. Be2 Re8 8. c4
dxc4 9. Nxc4 Qxd1+ 10. Bxd1 b5 11. Nce5 Nbd7 12. Be2 a6 13. Bd2 Nxe5 14. Nxe5
Bb7 15. Bf3 Bxf3 16. Nxf3 Ne4 17. Ba5 f6 18. Ke2 Nd6 19. Nd2 Nb7 20. Bc3 Nd6
21. Ba5 Nb7 22. Bc3 Nd6 23. Ba5 1/2-1/2

[Event "7th HDBank Cup 2017 Masters"]
[Site "Ho Chi Minh City"]
[Date "2017.03.12"]
[Round "2"]
[White "Swati Ghate"]
[Black "Lei, Tingjie"]
[Result "1/2-1/2"]
[WhiteElo "2254"]
[BlackElo "2480"]
[PlyCount "90"]
[EventDate "2017.??.??"]

1. e4 c6 2. d4 d5 3. e5 Bf5 4. Nd2 e6 5. Nb3 Nd7 6. Nf3 Ne7 7. Be2 h6 8. O-O
Qc7 9. Bd2 c5 10. Nxc5 Nxc5 11. dxc5 Qxc5 12. Be3 Qa5 13. Nd4 a6 14. c3 Rc8 15.
b4 Qa3 16. b5 g5 17. bxa6 bxa6 18. Qb3 Qxb3 19. axb3 Bg7 20. Bxa6 Rb8 21. f4
gxf4 22. Bxf4 O-O 23. b4 Be4 24. b5 Ng6 25. Nc6 Nxf4 26. Rxf4 Rb6 27. c4 Bd3
28. cxd5 exd5 29. Ne7+ Kh8 30. Nxd5 Re6 31. Ra3 Bg6 32. Nf6 Rd8 33. h4 Rxe5 34.
h5 Bf5 35. Ng4 Rc5 36. Ne3 Be6 37. b6 Rc1+ 38. Rf1 Bb2 39. Rd3 Rxd3 40. Bxd3
Rc3 41. b7 Rb3 42. Bc4 Bxc4 43. Nxc4 Bd4+ 44. Kh1 Rxb7 45. Nd6 Rd7 1/2-1/2

[Event "7th HDBank Cup 2017 Masters"]
[Site "Ho Chi Minh City"]
[Date "2017.03.12"]
[Round "2"]
[White "Le, Huu Thai"]
[Black "Laylo, Darwin"]
[Result "1/2-1/2"]
[WhiteElo "2167"]
[BlackElo "2445"]
[PlyCount "217"]
[EventDate "2017.??.??"]

1. d4 Nf6 2. Nf3 g6 3. g3 Bg7 4. Bg2 O-O 5. O-O d5 6. c4 c6 7. cxd5 cxd5 8. Nc3
Nc6 9. Bf4 Ne4 10. Rc1 Bf5 11. Qb3 Nxc3 12. Qxc3 Qb6 13. Rfd1 Rac8 14. Qd2 Be4
15. Ne5 Bxg2 16. Kxg2 Nxe5 17. Bxe5 f6 18. Bf4 Qa6 19. b3 Qb5 20. Rc2 g5 21.
Be3 Qd7 22. Rdc1 h6 23. Qd3 Qe6 24. Rc7 Rxc7 25. Rxc7 Rb8 26. Bd2 f5 27. e3 g4
28. Qb5 Qe4+ 29. Kg1 Bf6 30. Qd7 Kg7 31. Bc1 Qf3 32. Qb5 a6 33. Qd3 b5 34. Bb2
h5 35. Rc1 h4 36. Qd1 Qxd1+ 37. Rxd1 Rc8 38. Rc1 Rxc1+ 39. Bxc1 Kg6 40. f4 gxf3
41. Kf2 e5 42. dxe5 Bxe5 43. Kxf3 hxg3 44. hxg3 Bc3 45. Kf4 Kf6 46. g4 fxg4 47.
Kxg4 Ke5 48. Kf3 Kf5 49. a3 a5 50. a4 b4 51. e4+ dxe4+ 52. Ke2 Bd4 53. Bh6 Bc5
54. Bg7 Kf4 55. Bh6+ Ke5 56. Bg7+ Kd5 57. Bf6 Bb6 58. Kd2 Ke6 59. Bg7 Kf5 60.
Ke2 Bc5 61. Bh6 Bd4 62. Kd2 Ke5 63. Ke2 Kd5 64. Bg5 Bb6 65. Kd2 Bc7 66. Ke3
Bb6+ 67. Kd2 Ke5 68. Ke2 Ke6 69. Kd2 Kf5 70. Bh6 Bc7 71. Ke2 Bf4 72. Bf8 Ke6
73. Bc5 Bc7 74. Bd4 Kd5 75. Bf6 Bb6 76. Kd2 Ke6 77. Bg7 Kf7 78. Be5 Kg6 79. Bf4
Bd8 80. Ke2 Kf5 81. Bh6 Ke5 82. Kd2 Bb6 83. Ke2 Bd8 84. Kd2 Kd4 85. Bg7+ Kd5
86. Bh6 Bc7 87. Bg5 Ke5 88. Ke2 Bb6 89. Kd2 Kf5 90. Bh6 Bc5 91. Ke2 Bd4 92. Kd2
Bf6 93. Ke2 Ke5 94. Kd2 Bd8 95. Ke2 Kd4 96. Bg7+ Kd5 97. Bh6 Bc7 98. Kd2 Ke5
99. Ke2 Kd4 100. Kd2 Bd8 101. Bg7+ Kd5 102. Bh6 Bf6 103. Bf4 Bc3+ 104. Ke2 Be5
105. Be3 Bc7 106. Kd2 Ke5 107. Ke2 Kf5 108. Bd4 Bd8 109. Bc5 1/2-1/2

[Event "7th HDBank Cup 2017 Masters"]
[Site "Ho Chi Minh City"]
[Date "2017.03.13"]
[Round "3"]
[White "Bu, Xiangzhi"]
[Black "Garcia, Jan Emmanuel"]
[Result "1/2-1/2"]
[WhiteElo "2711"]
[BlackElo "2444"]
[PlyCount "106"]
[EventDate "2017.??.??"]

1. d4 Nf6 2. Nf3 g6 3. c4 Bg7 4. g3 c6 5. Bg2 d5 6. O-O O-O 7. Qb3 Qb6 8. Nc3
Rd8 9. c5 Qxb3 10. axb3 Na6 11. Ra4 Nd7 12. Bg5 f6 13. Be3 Nc7 14. b4 a6 15.
Bf4 e5 16. dxe5 fxe5 17. Bg5 Re8 18. e4 d4 19. Nb1 Nb5 20. Na3 Nxa3 21. Rxa3
Nf8 22. Ne1 Be6 23. Nd3 h6 24. Bd2 Nd7 25. f4 Kh7 26. Re1 Re7 27. Nf2 Rf8 28.
Raa1 Ref7 29. Bh3 Bxh3 30. Nxh3 Re8 31. Kg2 Rfe7 32. Nf2 Rf7 33. Re2 Ref8 34.
Nd3 Re8 35. Rae1 Bh8 36. b3 Bg7 37. Nb2 exf4 38. Bxf4 Be5 39. Nd3 g5 40. Bc1
Bg7 41. Bb2 Ne5 42. Nxe5 Bxe5 43. Rd1 d3 44. Rxd3 Bxb2 45. Rxb2 Rxe4 46. b5
axb5 47. Rbd2 Re5 48. Rd7 Kg7 49. b4 Re4 50. R7d4 Rfe7 51. Rxe4 Rxe4 52. Rd7+
Kf6 53. Rxb7 Ke5 1/2-1/2

[Event "7th HDBank Cup 2017 Masters"]
[Site "Ho Chi Minh City"]
[Date "2017.03.13"]
[Round "3"]
[White "Goganov, Aleksey"]
[Black "Ali, Muhammad Lutfi"]
[Result "1/2-1/2"]
[WhiteElo "2621"]
[BlackElo "2416"]
[PlyCount "43"]
[EventDate "2017.??.??"]

1. c4 c5 2. Nf3 Nc6 3. Nc3 g6 4. e3 Nf6 5. d4 cxd4 6. exd4 d5 7. cxd5 Nxd5 8.
Qb3 Nxc3 9. Bc4 e6 10. bxc3 Bg7 11. Ba3 Bf8 12. Bxf8 Kxf8 13. O-O Kg7 14. Qb5
Qc7 15. Rfe1 Rd8 16. Rad1 b6 17. Bf1 Bb7 18. c4 Ne7 19. Ne5 Nc6 20. Nf3 Ne7 21.
Ne5 Nc6 22. Nf3 1/2-1/2

[Event "7th HDBank Cup 2017 Masters"]
[Site "Ho Chi Minh City"]
[Date "2017.03.13"]
[Round "3"]
[White "Ghosh, Diptayan"]
[Black "Wynn Zaw Htun"]
[Result "1/2-1/2"]
[WhiteElo "2581"]
[BlackElo "2405"]
[PlyCount "84"]
[EventDate "2017.??.??"]

1. d4 Nf6 2. c4 e6 3. Nf3 Bb4+ 4. Bd2 Qe7 5. g3 Nc6 6. Nc3 Bxc3 7. Bxc3 Ne4 8.
Rc1 Nxc3 9. Rxc3 d6 10. Bg2 O-O 11. d5 Nb8 12. dxe6 fxe6 13. Nd4 c6 14. O-O e5
15. Nc2 Be6 16. Qd2 Na6 17. e4 Nc5 18. Ne3 a5 19. Rcc1 Qc7 20. Rcd1 Rad8 21. f4
exf4 22. gxf4 Bf7 23. Rde1 Bg6 24. f5 Bh5 25. Nc2 Qe7 26. Nd4 Qe5 27. b3 Rde8
28. Kh1 Rf6 29. Kg1 Rh6 30. Re3 Qf6 31. Rf4 Bf7 32. Ne2 a4 33. Ng3 axb3 34.
axb3 Nd7 35. Rf1 Ne5 36. Bf3 Ra8 37. Bd1 Rh4 38. Ree1 Ra1 39. Be2 Ra8 40. Rd1
Rh6 41. Qe3 Qh4 42. Rf2 Qe7 1/2-1/2

[Event "7th HDBank Cup 2017 Masters"]
[Site "Ho Chi Minh City"]
[Date "2017.03.13"]
[Round "3"]
[White "Vishnu Prasanna  V"]
[Black "Nouri, Hamed"]
[Result "1/2-1/2"]
[WhiteElo "2534"]
[BlackElo "2344"]
[PlyCount "67"]
[EventDate "2017.??.??"]

1. e4 c5 2. Nf3 Nc6 3. Bb5 Na5 4. c3 a6 5. Ba4 Nf6 6. Bc2 d6 7. d4 cxd4 8. cxd4
Bg4 9. h3 Bxf3 10. Qxf3 Nc6 11. Qd1 e5 12. d5 Nd4 13. Bd3 Be7 14. O-O O-O 15.
Na3 Nd7 16. Be3 Rc8 17. Qd2 Nc5 18. Rac1 b5 19. Bxd4 exd4 20. Nc2 Bf6 21. Rcd1
Re8 22. Rfe1 Be5 23. Nb4 Qf6 24. Nc6 h5 25. Qe2 Qg5 26. Bc2 h4 27. b4 Ne6 28.
dxe6 Rxc6 29. exf7+ Kxf7 30. Bb3+ Ke7 31. Qd2 Qxd2 32. Rxd2 Rc3 33. Red1 Rec8
34. Kf1 1/2-1/2

[Event "7th HDBank Cup 2017 Masters"]
[Site "Ho Chi Minh City"]
[Date "2017.03.13"]
[Round "3"]
[White "Tran, Tuan Minh"]
[Black "Diu, Viacheslav"]
[Result "1-0"]
[WhiteElo "2503"]
[BlackElo "2421"]
[PlyCount "71"]
[EventDate "2017.??.??"]

1. d4 Nf6 2. c4 e6 3. Nc3 Bb4 4. e3 O-O 5. Nge2 d5 6. a3 Bd6 7. c5 Be7 8. Ng3
b6 9. b4 c6 10. Be2 Nbd7 11. O-O a5 12. Bd2 Ba6 13. f4 Qc7 14. Qc2 Bxe2 15.
Ngxe2 Qb7 16. Rab1 axb4 17. axb4 Qa6 18. Nc1 Qc4 19. Nd3 Ra3 20. Rfc1 Rc8 21.
Nf2 g6 22. g4 Bd8 23. g5 Ne8 24. Qb2 Qa6 25. b5 cxb5 26. Qxb5 Qxb5 27. Nxb5 Ra2
28. Bb4 bxc5 29. dxc5 Ra6 30. Nd3 Ng7 31. Ra1 Rxa1 32. Rxa1 Nf5 33. Ra7 Nb8 34.
Ra8 Be7 35. c6 Bxb4 36. c7 1-0

[Event "7th HDBank Cup 2017 Masters"]
[Site "Ho Chi Minh City"]
[Date "2017.03.13"]
[Round "3"]
[White "Lei, Tingjie"]
[Black "Cheparinov, Ivan"]
[Result "1/2-1/2"]
[WhiteElo "2480"]
[BlackElo "2698"]
[PlyCount "112"]
[EventDate "2017.??.??"]

1. d4 d6 2. c4 e5 3. dxe5 dxe5 4. Qxd8+ Kxd8 5. Nc3 Be6 6. b3 Nd7 7. Bb2 c6 8.
e3 f6 9. Bd3 Nh6 10. h3 Kc7 11. O-O-O Nc5 12. Bc2 a5 13. Nge2 a4 14. g4 axb3
15. axb3 Ra6 16. f4 Rb6 17. fxe5 fxe5 18. Na4 Nxa4 19. Bxe5+ Kc8 20. bxa4 Nf7
21. Bd4 Ba3+ 22. Kd2 Bb4+ 23. Kc1 Ba3+ 24. Kd2 c5 25. Bxg7 Re8 26. Ke1 Bxc4 27.
Kf2 Ne5 28. Bf5+ Kb8 29. Nc3 Rb2+ 30. Kg3 Rb3 31. Nd5 Nd3 32. Bxd3 Bxd3 33. Rh2
c4 34. Rf2 Bc5 35. Kh4 Ka7 36. Bd4 Bxd4 37. exd4 Rc8 38. Nf4 Bb1 39. d5 c3 40.
d6 Rd8 41. Rc1 Rxd6 42. Rf3 Rc6 43. Ne2 Be4 44. Rfxc3 Rb4 45. Rxc6 Bxc6 46. Kg5
Rxa4 47. Kh6 Bg2 48. Kxh7 Bxh3 49. g5 Bf5+ 50. Kg7 Bd3 51. Nc3 Rg4 52. Kf6 Rf4+
53. Ke5 Rg4 54. Ra1+ Kb8 55. Kf6 Rf4+ 56. Ke5 Rg4 1/2-1/2

[Event "7th HDBank Cup 2017 Masters"]
[Site "Ho Chi Minh City"]
[Date "2017.03.13"]
[Round "3"]
[White "Le, Tuan Minh"]
[Black "Le, Quang Liem"]
[Result "1/2-1/2"]
[WhiteElo "2475"]
[BlackElo "2712"]
[PlyCount "46"]
[EventDate "2017.??.??"]

1. d4 Nf6 2. c4 e6 3. Nc3 Bb4 4. e3 O-O 5. Nge2 d5 6. a3 Bd6 7. Ng3 c6 8. Be2
Nbd7 9. O-O dxc4 10. Bxc4 e5 11. Ba2 Nb6 12. dxe5 Bxe5 13. Qc2 Re8 14. Nce2 Be6
15. Bxe6 Rxe6 16. f4 Bc7 17. e4 Nbd7 18. Kh1 Bb6 19. e5 Ng4 20. Nf5 Nf2+ 21.
Kg1 Ng4+ 22. Kh1 Nf2+ 23. Kg1 Ng4+ 1/2-1/2

[Event "7th HDBank Cup 2017 Masters"]
[Site "Ho Chi Minh City"]
[Date "2017.03.13"]
[Round "3"]
[White "Xu, Yi"]
[Black "Iturrizaga Bonelli, Eduardo"]
[Result "1/2-1/2"]
[WhiteElo "2444"]
[BlackElo "2673"]
[PlyCount "94"]
[EventDate "2017.??.??"]

1. e4 c5 2. Nf3 e6 3. d4 cxd4 4. Nxd4 Nc6 5. Nc3 Qc7 6. g3 a6 7. Bg2 h5 8. O-O
h4 9. Re1 hxg3 10. hxg3 d6 11. Nxc6 bxc6 12. Na4 Rb8 13. c4 c5 14. b3 Bb7 15.
Bb2 Nf6 16. Qe2 Be7 17. Rad1 Bc6 18. Nc3 Kf8 19. Rd3 Re8 20. f4 Kg8 21. Bf3 Bf8
22. Re3 Qb7 23. Nd1 e5 24. Nc3 Qd7 25. f5 g6 26. Bg4 Nxe4 27. Nxe4 Bxe4 28.
Rxe4 gxf5 29. Qd2 fxg4 30. Rxe5 Rxe5 31. Rxe5 f6 32. Re4 Rh1+ 33. Kxh1 Qh7+ 34.
Kg1 Qxe4 35. Bxf6 Kf7 36. Bb2 Ke6 37. Bc3 Qf3 38. Kh2 Be7 39. b4 cxb4 40. Bxb4
Qe4 41. Qf4 Qe2+ 42. Kg1 Qd1+ 43. Kg2 Qe2+ 44. Kg1 Qd1+ 45. Kg2 Qc2+ 46. Bd2
Qf5 47. Kf2 Bf6 1/2-1/2

[Event "7th HDBank Cup 2017 Masters"]
[Site "Ho Chi Minh City"]
[Date "2017.03.13"]
[Round "3"]
[White "Saduakassova, Dinara"]
[Black "Xu, Yinglun"]
[Result "1/2-1/2"]
[WhiteElo "2428"]
[BlackElo "2540"]
[PlyCount "43"]
[EventDate "2017.??.??"]

1. d4 d5 2. c4 e6 3. Nf3 Nf6 4. g3 Bb4+ 5. Bd2 Be7 6. Bg2 Nbd7 7. Qc2 c6 8. O-O
b6 9. Nc3 O-O 10. Bf4 Ba6 11. cxd5 cxd5 12. Rfc1 Nh5 13. Qa4 Nxf4 14. Qxa6 Nxg2
15. Kxg2 Qc8 16. Qxc8 Rfxc8 17. Nb5 g5 18. h3 h5 19. Nc7 Rab8 20. Na6 Ra8 21.
Nc7 Rab8 22. Na6 1/2-1/2

[Event "7th HDBank Cup 2017 Masters"]
[Site "Ho Chi Minh City"]
[Date "2017.03.13"]
[Round "3"]
[White "Nguyen, Van Huy"]
[Black "Rozum, Ivan"]
[Result "1/2-1/2"]
[WhiteElo "2413"]
[BlackElo "2600"]
[PlyCount "64"]
[EventDate "2017.??.??"]

1. d4 Nf6 2. Nf3 b6 3. c4 Bb7 4. g3 e6 5. Bg2 Be7 6. O-O O-O 7. Re1 Na6 8. Ne5
Bxg2 9. Kxg2 c5 10. d5 Qc7 11. Nf3 Ne4 12. Nc3 f5 13. Qd3 Qb7 14. a3 Nxc3 15.
bxc3 exd5 16. cxd5 Bf6 17. Rd1 c4 18. Qxc4 Rac8 19. Qa2 Bxc3 20. Bb2 Bxb2 21.
Qxb2 Nc5 22. Rac1 d6 23. Kg1 Rce8 24. e3 Rf6 25. Rc4 Qf7 26. Kg2 Re4 27. Qc2
Qh5 28. Rdd4 g5 29. a4 Rg4 30. Ng1 Re4 31. Nf3 Rg4 32. Ng1 Re4 1/2-1/2